Science Quiz

Random Science or Numbers Quiz

Math Table: Sevens Quiz Stats

 Plays Quiz Updated Apr 20, 2018

Also try: Math Table: Fours
Challenge
Share
Tweet
Embed
Score 0/30 Timer 01:00
5 Plays Today
Clue Answer % Correct
7x749
63.4%
7x428
63%
7x17
62.9%
7x321
62.8%
7x214
62.8%
7x535
62.4%
7x1070
62.2%
7x642
61.3%
7x963
61.1%
7x856
61%
7x1177
61%
7x20140
57.5%
7x30210
54.4%
7x1284
53.5%
7x21147
46.6%
Clue Answer % Correct
7x25175
45.9%
7x1391
45%
7x15105
44.7%
7x1498
44.6%
7x19133
41.1%
7x22154
41%
7x29203
38.8%
7x18126
38.4%
7x24168
38.3%
7x17119
38%
7x16112
38%
7x23161
37.7%
7x27189
35.5%
7x26182
35.3%
7x28196
35.2%

You're not logged in!

Compare scores with friends on all Sporcle quizzes.
Join for Free
OR
Log In

You Might Also Like...

Show Comments

Extras

Top Quizzes Today


Score Distribution

Your Account Isn't Verified!

In order to create a playlist on Sporcle, you need to verify the email address you used during registration. Go to your Sporcle Settings to finish the process.

Report this User

Report this user for behavior that violates our Community Guidelines.

Details: